Online
Catalog

Archivo gomá, documentos de la guerra civil : / (Record no. 7160)

MARC details
000 -CABECERA
campo de control de longitud fija 01252nam a2200217 a 4500
001 - NÚMERO DE CONTROL
campo de control 000007379
005 - FECHA Y HORA DE LA ÚLTIMA TRANSACCIÓN
campo de control 20200929154141.0
008 - DATOS DE LONGITUD FIJA--INFORMACIÓN GENERAL
campo de control de longitud fija 090908s2001 dr 000 0 spa d
020 ## - NÚMERO INTERNACIONAL ESTÁNDAR DEL LIBRO
Número Internacional Estándar del Libro 8400079442
040 ## - FUENTE DE LA CATALOGACIÓN
Centro catalogador/agencia de origen DO-SdBNP
Lengua de catalogación spa
Centro/agencia transcriptor BNPHU
082 ## - NÚMERO DE LA CLASIFICACIÓN DECIMAL DEWEY
Número de clasificación xxxx
Número de documento/Ítem xxxxx
245 10 - MENCIÓN DE TÍTULO
Título Archivo gomá, documentos de la guerra civil : /
Mención de responsabilidad, etc. edición de José Andrés-Gallego y Antón M. Pazos.
246 14 - FORMA VARIANTE DE TÍTULO
Título propio/Titulo breve Documentos de la Guerra Civil
260 ## - PUBLICACIÓN, DISTRIBUCIÓN, ETC.
Lugar de publicación, distribución, etc. Madrid :
Nombre del editor, distribuidor, etc. Consejo Superior de Investigaciones Científicas,
Fecha de publicación, distribución, etc. 2001.
300 ## - DESCRIPCIÓN FÍSICA
Extensión 589 p. : ;
Dimensiones 24 cm.
505 0# - NOTA DE CONTENIDO CON FORMATO
Título 1 Julio-diciembre de 1936 / con la colaboración de Carlos Carrascal del Solar y José Manuel Martínez Jiméne --
-- 2 Enero de 1937 / con la colaboración de Santiago María Barroso Sánchez-Lafuente --
-- 3 Febrero de 1937 / con la colaboración de Santiago María Barroso Sánchez-Lafuente --
-- 4 marzo de 1937/con la colaboración de José Andrés-Gallego, Antón M. Pozos
-- 5 Abril-Mayo 1937 /con la colaboración de de José Andrés-Gallego, Antón M. Pozos
700 1# - PUNTO DE ACCESO ADICIONAL--NOMBRE DE PERSONA
Nombre de persona Andrés-Gallego, José,
Término indicativo de función/relación ed.
9 (RLIN) 20512
700 1# - PUNTO DE ACCESO ADICIONAL--NOMBRE DE PERSONA
Nombre de persona Pazos, Antón M.
Término indicativo de función/relación ed.
9 (RLIN) 20513
700 1# - PUNTO DE ACCESO ADICIONAL--NOMBRE DE PERSONA
Nombre de persona Barroso Sánchez-Lafuente, Santiago María
9 (RLIN) 20514
710 2# - PUNTO DE ACCESO ADICIONAL--NOMBRE DE ENTIDAD CORPORATIVA
Nombre de entidad corporativa o nombre de jurisdicción como elemento de entrada Consejo Superior de Investigaciones Científicas (España)
9 (RLIN) 15178
Holdings
Estado de retiro Estado de pérdida No para préstamo Código de colección Localización permanente Ubicación/localización actual Ubicación en estantería Fecha de adquisición Número de inventario Total de préstamos Signatura topográfica completa Código de barras Fecha visto por última vez Precio válido a partir de Tipo de ítem Koha
    Excluido de préstamo Patrimonio Dominicano General General En catalogación 08.09.2009 LF1   v. 1 7379-10 25.06.2020 25.06.2020 Libro y Folleto Colección Patrimonio Dominicano
    Excluido de préstamo Patrimonio Dominicano General General En catalogación 23.03.2011 LF1   v. 3 7379-20 25.06.2020 25.06.2020 Libro y Folleto Colección Patrimonio Dominicano
    Excluido de préstamo Patrimonio Dominicano General General En catalogación 23.03.2011 LF1   v. 4 7379-30 25.06.2020 25.06.2020 Libro y Folleto Colección Patrimonio Dominicano
    Excluido de préstamo Patrimonio Dominicano General General En catalogación 23.03.2011 LF1   v. 5 7379-40 25.06.2020 25.06.2020 Libro y Folleto Colección Patrimonio Dominicano
    Excluido de préstamo Patrimonio Dominicano General General En catalogación 19.07.2013 LF1   v. 2 7379-50 25.06.2020 25.06.2020 Libro y Folleto Colección Patrimonio Dominicano

Powered by Koha